LEADER 01279nam a2200265 i 4500 001 000000026749 003 CaOOAMICUS 005 20250319165643.0 008 180830s1911 it u000 u ita u 040 $aSeMil$bita 245 10$aRepertorio diplomatico visconteo :$bdocumenti dal 1263 al 1402 /$craccolti e pubblicati in forma di regesto dalla Societā Storica Lombarda col suusidio elargito dal comm. prof. E. Lattes. 260 $aMilano :$bUlrico Hoepli,$c1911. 300 $av. ;$c32 cm. 650 4$aMilano (Ducato) - Storia.$0(OLS)http://semarc/subject/10608 650 4$aMilano (Signoria) - Storia.$0(OLS)http://semarc/subject/57330 650 4$aVisconti - Storia.$0(OLS)http://semarc/subject/4461 650 4$aDiplomatica.$0(OLS)http://semarc/subject/814 700 1 $aLattes, Elia,$d<1843-1925>.$0(OLS)http://semarc/name/121732 710 2 $aSocietā Storica Lombarda .$0(OLS)http://semarc/name/1712 774 0 $t1: 1263-1363.$g1$w()213191 774 0 $t2: 1363-1385.$g2$w()213193 774 0 $tSupplemento ed indice.$g3$w()213195 996 $6245$aRepertorio diplomatico visconteo :$bdocumenti dal 1263 al 1402$9(OLS)http://semarc/title/36135 996 $6260$aMilano :$bUlrico Hoepli$9(OLS)http://semarc/publisher/29765 LEADER 01133nam a2200289 i 4500 001 000000199379 003 CaOOAMICUS 005 20110502000000.0 008 110502s2010 it u000 u ita u 013 $a178070 020 $a978-88-514-0819-0 040 $aSeMil$bita 100 1 $aZani, Lorenzo.$0(OLS)http://semarc/name/49602 245 10$aGuidati dalla stella :$bil viaggio pasquale dei Magi /$cLorenzo Zani. 250 $a2. ed. 260 $aMilano :$bĀncora,$c2010. 300 $a126 p. ;$c19 cm. 490 0 $aLe āncore 650 4$aRe Magi.$0(OLS)http://semarc/subject/8591 650 4$aBibbia - NT - Matteo, 2,1-12.$0(OLS)http://semarc/subject/26696 830 3$aLe āncore.$0(OLS)http://semarc/title/9339 850 $aSeMil 852 $aSeMil$W1$xVenegono$y1$m3F III 461$j149932$B149932$CSeMilBibl$Z2$F166748 $81 961 $aOmaggio: Caspani don Pierpaolo 996 $6020$a978-88-514-0819-0$9(OLS)http://semarc/number/191741 996 $6245$aGuidati dalla stella :$bil viaggio pasquale dei Magi$9(OLS)http://semarc/title/288280 996 $6260$aMilano :$bĀncora$9(OLS)http://semarc/publisher/29763